000 00350nam a2200157 4500
001 45025
090 _a45025
100 _a20251024 pory50
101 _apor
102 _aPT
200 _aCavalos
_econhecer e reconhecer
210 _aColónia
_cVemag Verlags
_d[S.d.]
215 _a128 p.
_cil.
675 _a599.72
801 _aPT
_gRPC
990 _cLIVROS